WW2: Select all... - Statistics

General Stats
  • This quiz has been taken 142 times
  • The average score is 50 of 80
Answer Stats
Question Tile Select % Correct
Axis Members. Brazil No
98%
Axis Members. Portugal No
98%
Axis Members. Germany Yes
95%
Axis Members. Ireland No
95%
Axis Members. Mexico No
95%
Axis Members. The British Raj No
95%
Axis Members. China No
94%
Axis Members. The UK No
94%
Axis Members. Communist China No
92%
Axis Members. Japan Yes
92%
Axis Members. Italy Yes
91%
Axis Members. Spain No
90%
Nations in Nazi occupation (This includes partial occupation). Canada No
83%
Nations in Nazi occupation (This includes partial occupation). Iceland No
81%
Axis Members. Yugoslavia No
81%
Nations in Nazi occupation (This includes partial occupation). Portugal No
80%
Nations in Nazi occupation (This includes partial occupation). Spain No
79%
Nations in Nazi occupation (This includes partial occupation). Austria Yes
76%
Nations in Nazi occupation (This includes partial occupation). Sweden No
76%
British Puppet States and Dominions at the time of WW2. Norway No
75%
British Puppet States and Dominions at the time of WW2. Albania No
74%
Wartime Leaders Charles I No
74%
Wartime Leaders Tsar Peter II No
73%
British Puppet States and Dominions at the time of WW2. Afghanistan No
72%
Wartime Leaders Benes No
72%
Nations in Nazi occupation (This includes partial occupation). France Yes
72%
Wartime Leaders Kaiser Wilhelm I No
72%
Wartime Leaders Hitler Yes
71%
Wartime Leaders Mussolini Yes
71%
British Puppet States and Dominions at the time of WW2. Vietnam No
71%
Wartime Leaders Churchill Yes
70%
Nations in Nazi occupation (This includes partial occupation). Turkey No
70%
Nations in Nazi occupation (This includes partial occupation). Czechia Yes
69%
Wartime Leaders Roosevelt Yes
69%
British Puppet States and Dominions at the time of WW2. The USA No
69%
Wartime Leaders Lenin No
68%
British Puppet States and Dominions at the time of WW2. Laos No
67%
Nations in Nazi occupation (This includes partial occupation). Norway Yes
67%
British Puppet States and Dominions at the time of WW2. Indonesia No
65%
Nations in Nazi occupation (This includes partial occupation). Slovakia Yes
64%
British Puppet States and Dominions at the time of WW2. Iceland No
63%
British Puppet States and Dominions at the time of WW2. Iran No
62%
Nations not independent when WW2 began. Mongolia No
61%
Nations not independent when WW2 began. Poland No
61%
British Puppet States and Dominions at the time of WW2. Canada Yes
59%
Nations in Nazi occupation (This includes partial occupation). Greece Yes
59%
Nations not independent when WW2 began. Ireland No
59%
Nations in Nazi occupation (This includes partial occupation). The USSR Yes
59%
British Puppet States and Dominions at the time of WW2. New Zealand Yes
57%
Nations not independent when WW2 began. Saudi Arabia No
57%
British Puppet States and Dominions at the time of WW2. Australia Yes
55%
Axis Members. Bulgaria Yes
54%
British Puppet States and Dominions at the time of WW2. Iraq No
54%
British Puppet States and Dominions at the time of WW2. Ireland No
54%
British Puppet States and Dominions at the time of WW2. The Raj Yes
54%
Nations not independent when WW2 began. Liberia No
52%
Nations not independent when WW2 began. Tannu Tuva No
52%
Wartime Leaders Truman Yes
52%
Nations not independent when WW2 began. Bhutan No
51%
Axis Members. Hungary Yes
51%
Wartime Leaders De Gaulle Yes
50%
Nations not independent when WW2 began. Tibet No
50%
Nations not independent when WW2 began. Yemen No
49%
Wartime Leaders Chamberlain Yes
46%
British Puppet States and Dominions at the time of WW2. Malaysia Yes
46%
Nations not independent when WW2 began. North Korea Yes
46%
Nations in Nazi occupation (This includes partial occupation). Bulgaria No
45%
Nations not independent when WW2 began. Czechia Yes
42%
Nations not independent when WW2 began. Oman No
42%
Nations in Nazi occupation (This includes partial occupation). Romania No
38%
Nations not independent when WW2 began. Burma Yes
35%
Nations not independent when WW2 began. Ethiopia Yes
35%
Nations not independent when WW2 began. Vietnam Yes
35%
Nations not independent when WW2 began. Guyana Yes
34%
Wartime Leaders Petain Yes
31%
Axis Members. Thailand Yes
31%
Wartime Leaders Victor Emmanuel III Yes
15%
Nations in Nazi occupation (This includes partial occupation). The UK Yes
12%
Wartime Leaders Moscicki Yes
8%
Wartime Leaders Atlee Yes
6%
No matching quizzes found
Score Distribution
Percent of People with Each Score
Percentile by Number Answered
Your Score History
You have not taken this quiz